000 01397nam0a2200361 4500
001 RU\NLR\b_ik\68978
005 20250616224451.0
010 _a3-416-02561-X
035 _a(NLR Aleph) 002143399
090 _a2299394
_c2299394
100 _a19950127d1995 |||y0rusy50 ca
101 0 _ager
102 _aRU
105 _aa |||||||||
200 1 _aBürgerliche Musikkultur in Bonn
_eDas "Album" des Andreas Velten - eine Quelle zur Bonner Musikgeschichte aus dem 19. Jh.
_e[Diss.]
_fVon Marion Lienig
210 _aBonn
_cBouvier
_d1995
215 _a345 c.
_cил., факс.
_d23
225 1 _aVeröffentlichungen des Stadtarch. Bonn
_x0524-0352
_vBd. 55
320 _aБиблиогр.: с. 308-323
541 0 _aБюргерская музыкальная культура в Бонне.
606 1 _aМузыкальная культура
_yБонн, город (Германия)
_z19 в..
_92167862
_3RU\NLR\AUTH\661304243
686 0 _aЩ313(4Г)5-692Бонн
_2rubbk
700 1 _aLienig
_bMarion
_f1965
_4070
702 1 _aVelten
_bAndreas
801 0 _aRU
_bNLR
_c19950127
_gPSBO
801 1 _aRU
_bNLR
_c20011026
852 _aNLR
_jP22/5387
942 _cBOOK
980 _aNB